LDR 00646naa#a2200181#i#450# 001 EN\INFRA-M\bibl\126804 005 20260703064427.5 011 ## _a2305-7807 100 ## _a20260430b2026####ek#y0engy0150####ca 102 ## _aRU 200 1# _a360-DEGREE BUSINESS ASSESSMENT: FROM DEVELOPMENT TO PILOT IMPLEMENTATION _eJournal article 210 1# _aMoscow _cINFRA-M Academic Publishing LLC. _d2026 215 ## _a4 с. 608 ## _aJournal article _2local 675 ## _aВопросы кадров. Набор кадров. Управление кадрами. 331.108.2 _z 700 #1 _aGlushkova _gA. S. 700 #1 _aKashtanova _gYEkatyerina Viktorovna 856 4# _anaukaru.ru _u